Situación de la libertad de expresión en el Perú: setiembre 1996- setiembre 2000
Saved in:
| Institution som forfatter: | |
|---|---|
| Format: | Bog |
| Sprog: | spansk |
| Udgivet: |
Lima
Defensoría del Pueblo
2000
|
| Serier: | Informes Defensoriales, 48
|
| Fag: | |
| Tags: |
Tilføj Tag
Ingen Tags, Vær først til at tagge denne postø!
|
MARC
| LEADER | 00000nam a2200000 a 4500 | ||
|---|---|---|---|
| 001 | UCO9871 | ||
| 003 | CL-VaPUC | ||
| 008 | 010309e20000000PE |||||||||||||||||spa|d | ||
| 082 | 0 | 4 | |a 323.44 |b DEF |2 21 |
| 110 | 2 | |a Defensoría del Pueblo |e author |9 455045 | |
| 245 | 1 | 0 | |a Situación de la libertad de expresión en el Perú: setiembre 1996- setiembre 2000 |
| 300 | |a 271 p | ||
| 942 | |c BK | ||
| 945 | |d 20010309 00:00:00 |a vberengu | ||
| 260 | |a Lima |b Defensoría del Pueblo |c 2000 | ||
| 650 | 0 | |a Libertad de expresión |9 329993 | |
| 650 | 7 | |a DERECHO AL HONOR |2 CL-VaPUC |9 416057 | |
| 650 | 7 | |a ORDENAMIENTO JURIDICO PERUANO |2 CL-VaPUC |9 455046 | |
| 650 | 0 | |a Libertad de información |9 257205 | |
| 583 | |a last modification |c 20010309 00:00:00 |k Rodrigo Vera | ||
| 490 | 0 | |a Informes Defensoriales, 48 | |
| 999 | |c 293888 |d 293886 | ||
| 952 | |0 0 |1 0 |4 0 |6 323_440000000000000_DEF_2000 |7 0 |8 A |9 345657 |a BIBDER |b BIBDER |d 2019-11-20 |i 3673499 |o 323.44 DEF 2000 |p 3673499 |r 2023-01-25 |w 2019-11-20 |y BK |k DER | ||